Du capsien chasseur au capsien pasteur : pour un modèle régional de néolithisation /

Studies on the Capsian culture have been considerably enriched in recent years, but have not yet been properly synthesised to establish the current state of research. This volume draws on recent fieldwork to put forward a model for neolithisation in the Eastern Maghreb.

محفوظ في:

المؤلف الرئيسي: Belhouchet, Lotfi (مؤلف)

التنسيق: كتاب الكتروني

اللغة: French

منشور في: Oxford : Archaeopress Archaeology, 2022.

سلاسل: Archaeology of the Maghreb ; 3.

الموضوعات:

الوصول للمادة أونلاين: Login to view Source

الوسوم: إضافة وسم

لا توجد وسوم, كن أول من يضع وسما على هذه التسجيلة!

رقم الطلب: DT191

LEADER 02175nam a2200493 i 4500
001 EDZ0002719239
003 StDuBDS
005 20230412183233.0
006 m|||||o||d||||||||
007 cr |||||||||||
008 220312t20222021enkab fob 000|0|fre|d
020 |a 9781803271859 (PDF ebook) :  |c No price 
040 |a StDuBDS  |b eng  |c StDuBDS  |e rda  |e pn 
041 0 |a fre  |b ara  |b eng 
050 4 |a DT191 
082 0 4 |a 939.7  |2 23 
100 1 |a Belhouchet, Lotfi,  |e author. 
245 1 0 |a Du capsien chasseur au capsien pasteur :  |b pour un modèle régional de néolithisation /  |c Lotfi Belhouchet. 
264 1 |a Oxford :  |b Archaeopress Archaeology,  |c 2022. 
264 4 |c ©2021 
300 |a 1 online resource (viii, 89 pages) :  |b illustrations (black and white, and colour), maps (colour). 
336 |a text  |2 rdacontent 
336 |a still image  |2 rdacontent 
336 |a cartographic image  |2 rdacontent 
337 |a computer  |2 rdamedia 
338 |a online resource  |2 rdacarrier 
490 1 |a Archaeology of the Maghreb ;  |v 3 
500 |a Also issued in print: 2022. 
504 |a Includes bibliographical references. 
506 0 |a Open access. 
520 8 |a Studies on the Capsian culture have been considerably enriched in recent years, but have not yet been properly synthesised to establish the current state of research. This volume draws on recent fieldwork to put forward a model for neolithisation in the Eastern Maghreb. 
521 |a Specialized. 
546 |a Text in French, with a summary in Arabic and in English. 
588 |a Description based on online resource; title from PDF title page (viewed on June 6, 2022). 
651 0 |a Africa, North  |x History  |y To 647. 
651 0 |a Africa, North  |x Antiquities. 
650 0 |a Capsian culture  |z Africa, North. 
650 0 |a Neolithic period  |z Africa, North. 
776 0 8 |i Print version :  |z 9781803271842 
830 0 |a Archaeology of the Maghreb ;  |v 3. 
856 4 0 |3 Archaeopress  |u http://library.arce.org:8087/Archaeopress/Products/9781803271842 
942 |2 lcc  |c EBOOK 
952 |0 0  |1 0  |4 0  |6 DT0191  |7 1  |9 46907  |a ARCH  |b ARCH  |d 2023-04-12  |l 0  |o DT191  |r 2023-04-12 00:00:00  |w 2023-04-12  |y EBOOK 
999 |c 52565  |d 52565